Tractatus theologicus, canonicus, moralis in duplicem constitutionem apostolicam sanctissimi in Christo Patris Benedicti XIV,...

Detalles Bibliográficos
Autor principal: HIDALGO, Miguel
Formato: Libro
Publicado: Puebla 1866
Materias:
Colección:Banco de datos
Acervo:Biblioteca del Convento de San Pablo. Yuririahupándaro. Guanajuato
Tema general:Teología
Notas:Buena. 3I2, 4.
LEADER 00709nam a22001930004500
035 |a 38691 
036 |a 4332 
100 1 |a HIDALGO, Miguel 
245 1 0 |a Tractatus theologicus, canonicus, moralis in duplicem constitutionem apostolicam sanctissimi in Christo Patris Benedicti XIV,... 
260 |a Puebla  |b Narciso Bassols imp.  |c 1866 
500 |a Buena. 3I2, 4. 
650 1 0 |a Teología 
949 |a CRG-CY 
959 |a Ex convento de San Pablo, Museo Regional de Yuririahpúndaro, Guanajuato  |b CCC9 
960 |a Convento San Pablo Yuririahpúndaro, Guanajuato  |b DD86 
961 |a Agustina  |b OA 
942 |c CRG-CY 
943 |g Biblioteca del Convento de San Pablo. Yuririahupándaro. Guanajuato 
999 |c 959357  |d 959357